000 00251 a2200121 4500
001 194876
040 _cMagnum
100 _aMORAL, Silvia
240 1 0 _aA ovelha-tigre
_lpor
245 1 0 _aA ovelha-tigre
697 _aLITERATURA INFANTIL
942 _cBK
999 _c194876
_d194876